000 00918nam a2200229 i 4500
001 177854
003 ES-MaACL
005 20251220171938.0
008 110503s1958 mx |||| | spa d
080 _a530.145
100 1 _aOmelianovski, M. E.
_9149879
245 1 4 _aLas relaciones de incertidumbre en la mecánica cuántica /
_cM. E. Omelianovski, G. F. Drukarev.
260 _aMéxico :
_bUniversidad Nacional de México,
_c1958.
300 _ap. 139-164 ;
_c21 cm.
490 1 _aSeminario de Problemas Científicos y Filosóficos. Suplementos ;
_v2ª serie ;
_v6
650 0 7 _aMecánica cuántica
_2embne
_914872
700 1 _aDrukarev, G. F.
_9149880
710 2 _aUniversidad Nacional Autónoma de México.
_97397
830 0 _aSeminario de Problemas Científicos y Filosóficos. Suplementos
_v2ª serie ;
_v6
_9190619
852 _aES-MaACL
_j2297-F-13
_xOlim P-902
999 _c177854
_d177854